000 00567nam a2200193 a 4500
001 9891
003 CO-ViMGA
008 141112s2004 ck r 000 u spa d
040 _aCO-ViMGA
_bspa
_cCO-ViMGA
082 0 4 _a271.3861
245 1 0 _aLos Franciscanos en la Independencia de Colombia
260 _aSantafé de Bogotá :
_bEditolaser,
_c1995
300 _a97p.
490 _aAcademia Colombiana de Historia
650 1 4 _aFRANCISCANA(1824 - 1861)
_911887
650 1 4 _aFRANCISCANOS EN COLOMBIA
_911888
650 1 4 _aHISTORIA DE FRAILES
_911889
942 _2ddc
_cBK
999 _c21270
_d21270